Poistný trh v kontexte možností riešenia zmien poistných potrieb
Poistný trh ako neustále sa rozvíjajúci mechanizmus. Na poistný trh vplývajú všetky prejavy hlavných trendov súčasného sveta ako demografické zmeny, katastrofické udalosti, terorizmus, zmeny doterajších prejavov rizík a objavovanie sa nových, dosiaľ nepoznaných ohrození. Autorka popisuje spoluprácu...
Salvato in:
| Autore principale: | |
|---|---|
| Natura: | Capitolo di libro |
| Lingua: | slovacco |
| Soggetti: | |
| Tags: |
Nessun Tag, puoi essere il primo ad aggiungerne!!
|
MARC
| LEADER | 00000nla$a2200000$$$4500 | ||
|---|---|---|---|
| 001 | 0073251 | ||
| 005 | 20240502083209.8 | ||
| 041 | 0 | |a slo | |
| 044 | |a CZ | ||
| 245 | 1 | 0 | |a Poistný trh v kontexte možností riešenia zmien poistných potrieb |c Erika Pastoráková |
| 520 | |a Poistný trh ako neustále sa rozvíjajúci mechanizmus. Na poistný trh vplývajú všetky prejavy hlavných trendov súčasného sveta ako demografické zmeny, katastrofické udalosti, terorizmus, zmeny doterajších prejavov rizík a objavovanie sa nových, dosiaľ nepoznaných ohrození. Autorka popisuje spoluprácu súkromného a verejného poistenia ako reálnej možnosti riešenia potrieb vyplývajúcich z aktuálneho vývoja. | ||
| 610 | 2 | 0 | |a trh poistný |
| 610 | 2 | 0 | |a sektor verejný |
| 610 | 2 | 0 | |a sektor súkromný |
| 610 | 2 | 0 | |a poistenie |
| 610 | 2 | 0 | |a Slovensko |
| 100 | 1 | |a Pastoráková, Erika, 1972- | |